Psicología y pastoral

Uloženo v:
Podrobná bibliografie
Hlavní autor: Debarge, Louis (Autor)
Médium: Kniha
Jazyk:španělština
Vydáno: Barcelona Herder 1970
Témata:
Tagy: Přidat tag
Žádné tagy, Buďte první, kdo vytvoří štítek k tomuto záznamu!

MARC

LEADER 00000nam a2200000 a 4500
001 UCR1872
003 CL-VaPUC
008 971219e19700000SP |||||||||||||||||spa|d
082 0 4 |a 261.515  |b DEB  |2 21 
100 0 |a Debarge, Louis  |e author  |9 399412 
245 1 0 |a Psicología y pastoral 
300 |a 310 p 
942 |c BK 
945 |d 19971219 00:00:00  |a rleighto 
260 |a Barcelona  |b Herder  |c 1970 
650 7 |a PSICOLOGIA DE LA RELIGION  |2 CL-VaPUC  |9 310502 
650 7 |a PASTORAL CRISTIANA  |2 CL-VaPUC  |9 398048 
650 0 |a Cristianismo  |9 257361 
650 0 |a Religión   |9 255164 
650 0 |a Relaciones humanas  |9 307340 
650 0 |a Comunicación   |9 257251 
650 0 |a Iglesia   |9 255004 
650 0 |a Fe  |9 308036 
583 |a last modification  |c 19971219 00:00:00  |k Rodrigo Vera 
999 |c 265214  |d 265212 
952 |0 0  |1 0  |4 0  |6 261_515000000000000_DEB_1970  |7 0  |8 A  |9 296057  |a BIBTEO  |b BIBTEO  |d 2019-11-20  |i 3368920  |o 261.515 DEB 1970  |p 3368920  |r 2025-01-17  |w 2019-11-20  |y BK  |k ICR